[Event "HUN-chT"]
[Site "HUN"]
[Date "1993.??.??"]
[Round "?"]
[White "Gyimesi, Zoltan"]
[Black "Tenyi, Jozsef"]
[Result "1-0"]
[WhiteElo "2445"]
[BlackElo "2275"]

1.d4 Nf6 2.c4 d6 3.Nc3 g6 4.e4 Bg7 5.Be2 O-O 6.Nf3 e5 7.O-O Nc6 8.d5 Ne7
9.Ne1 Nd7 10.Nd3 f5 11.Bd2 Kh8 12.Rc1 Ng8 13.b4 Ngf6 14.f3 f4 15.g4 fxg3
16.hxg3 Nh5 17.Kg2 Rf7 18.c5 Bf8 19.Be3 Ndf6 20.Qd2 Nxg3 21.Kxg3 Nh5+ 22.Kg2 Qh4
23.Qe1 Qh3+ 24.Kg1 Ng3 25.Nf2 Qh4 26.Qd2 Nxe2+ 27.Nxe2 Rxf3 28.Kg2 Rf7 29.Ng3 Be7
30.Rh1 Qf6 31.Qe2 a5 32.cxd6 Bxd6 33.b5 Bd7 34.Ng4 Bxb5 35.Nxf6 Bxe2 36.Rxh7+ Rxh7
37.Nxh7 Bd3 38.Ng5 Rc8 39.Nf7+  1-0

[Event "HUN-chT"]
[Site "HUN"]
[Date "1993.??.??"]
[Round "?"]
[White "Molnar, Emil"]
[Black "Grabics, Monika"]
[Result "1/2-1/2"]
[WhiteElo "2230"]
[BlackElo "2185"]

1.Nf3 Nf6 2.c4 g6 3.d4 Bg7 4.Nc3 O-O 5.e4 d6 6.Be2 e5 7.O-O Nc6 8.d5 Ne7
9.Ne1 Nd7 10.Be3 f5 11.f3 f4 12.Bf2 g5 13.Nd3 h5 14.c5 Nf6 15.h3 Qe8 16.Rc1 g4
17.fxg4 hxg4 18.hxg4 Qg6 19.Bf3 Nxg4 20.Nb5 Qh5 21.Re1 Rf6 22.Nxc7 Rh6 23.Kf1 Nh2+
24.Ke2 Bg4 25.Bxg4 Nxg4 26.Kd2 Rc8 27.cxd6 Rxd6 28.Ne6 Bh6 29.Rxc8+ Nxc8
30.Qf3 Qg6 31.Kc2 Nb6 32.b3 Nxf2 33.Qxf2 Nxd5 34.exd5 Rxd5 35.Nc5 b6 36.Ne4 Bf8
37.Qf3 Ra5 38.Kb1 Kg7 39.Rc1 Ba3 40.Rc7+ Kg8 41.Nf6+ Qxf6 42.Qh5 Be7 43.Qe8+ Bf8
44.Rc6 Qf5 45.Rd6 Rc5 46.Qe6+ Qxe6 47.Rxe6 Rc3 48.Nxe5 Re3 49.Rg6+  1/2-1/2

[Event "HUN-chT2"]
[Site "HUN"]
[Date "1993.??.??"]
[Round "?"]
[White "Lukacs, Peter"]
[Black "Seres, Lajos"]
[Result "1-0"]
[WhiteElo "2480"]
[BlackElo "2280"]

1.d4 Nf6 2.c4 g6 3.Nc3 Bg7 4.e4 d6 5.Nf3 O-O 6.Be2 e5 7.O-O Nc6 8.d5 Ne7
9.Ne1 Ne8 10.Be3 f5 11.f3 f4 12.Bf2 h5 13.c5 g5 14.a4 Ng6 15.a5 Bh6 16.Nb5 a6
17.Na3 Rf7 18.cxd6 Nxd6 19.Nd3 g4 20.fxg4 hxg4 21.Bxg4 Nxe4 22.Re1 Nxf2 23.Nxf2 Rg7
24.Nc4 Qe7 25.d6 Qf7 26.b3 Kh7 27.Nxe5 Nxe5 28.Rxe5 Bxg4 29.Nxg4 Qg6 30.h3 Rd8
31.Qf3 Rxd6 32.Qxb7 Rgd7 33.Rae1 Bg7 34.Qf3 Bxe5 35.Nxe5 Qg5 36.Nxd7 Rxd7
37.b4 Rf7 38.Re6 Qb5 39.Qe4+ Kg7 40.Qg6+ Kf8 41.Qh6+ Rg7 42.Rg6  1-0

[Event "HUN-chT"]
[Site "HUN"]
[Date "1993.??.??"]
[Round "?"]
[White "Lukacs, Peter"]
[Black "Deak, Sandor"]
[Result "0-1"]
[WhiteElo "2455"]
[BlackElo "2415"]

1.d4 Nf6 2.c4 g6 3.Nc3 Bg7 4.e4 d6 5.Nf3 O-O 6.Be2 e5 7.O-O Nc6 8.d5 Ne7
9.Nd2 Ne8 10.b4 f5 11.c5 f4 12.Bg4 h5 13.Bxc8 Rxc8 14.f3 g5 15.Nc4 Rf6 16.a4 Rg6
17.Ba3 g4 18.Kh1 Bf6 19.Qe1 Rg7 20.Rc1 Ng6 21.Qe2 Nh8 22.b5 Bh4 23.fxg4 hxg4
24.Qd3 Rh7 25.Ne2 Bg3 26.Nxg3 Qh4 27.Kg1 Qxh2+ 28.Kf2 Rh3 29.Rg1 Rxg3 30.Qd2 Nf6
31.Rce1 Rf3+ 32.Ke2 Nxe4 33.Qc2 Rf2+  0-1

[Event "HUN-chT"]
[Site "HUN"]
[Date "1993.??.??"]
[Round "?"]
[White "Karolyi, Tibor Jr"]
[Black "Borocz, Istvan"]
[Result "1-0"]
[WhiteElo "2345"]
[BlackElo "2325"]

1.d4 Nf6 2.c4 g6 3.Nc3 Bg7 4.e4 d6 5.Nf3 O-O 6.Be2 e5 7.O-O Nc6 8.d5 Ne7
9.Ne1 Nd7 10.Be3 f5 11.f3 f4 12.Bf2 g5 13.Nb5 Nf6 14.c5 a6 15.Nc3 h5 16.Rc1 g4
17.Bh4 Ng6 18.Bxf6 Rxf6 19.fxg4 f3 20.Rxf3 hxg4 21.Rxf6 Qxf6 22.cxd6 Bh6
23.Rb1 cxd6 24.Nc2 g3 25.hxg3 Qg5 26.Qd3 Bd7 27.Rf1 Kg7 28.Rf3 Qc1+ 29.Rf1 Qg5
30.Rf3 Qd8 31.Ne3 Qb6 32.Kf1 Qxb2 33.Nf5+ Bxf5 34.exf5 e4 35.f6+ Kh8 36.Qxe4 Ne5
37.Bd3 Qc1+ 38.Kf2 Qd2+ 39.Ne2 Nxd3+ 40.Rxd3 Qg5 41.Rf3 Rf8 42.Qe6 Qd2 43.f7 Kg7
44.Qf6+ Kh7 45.g4 Qxd5 46.Rh3  1-0

[Event "HUN-chT"]
[Site "HUN"]
[Date "1993.??.??"]
[Round "?"]
[White "Fogarasi, Tibor"]
[Black "Balogh, Bela"]
[Result "1/2-1/2"]
[WhiteElo "2435"]
[BlackElo "2230"]

1.d4 Nf6 2.c4 g6 3.Nc3 Bg7 4.e4 d6 5.Be2 O-O 6.Nf3 e5 7.O-O Nc6 8.d5 Ne7
9.Ne1 Nd7 10.Be3 f5 11.f3 Nf6 12.c5 Kh8 13.Rc1 Neg8 14.cxd6 cxd6 15.Rc2 Bd7
16.Nd3 Bh6 17.Bf2 Nh5 18.a4 Ngf6 19.g3 fxe4 20.fxe4 Bh3 21.Re1 Qd7 22.Bf3  1/2-1/2

[Event "HUN-chT"]
[Site "HUN"]
[Date "1993.??.??"]
[Round "?"]
[White "Lehmann, Zoltan"]
[Black "Berta, Krisztian"]
[Result "1/2-1/2"]
[WhiteElo "2230"]
[BlackElo "2290"]

1.d4 Nf6 2.c4 g6 3.Nc3 Bg7 4.e4 d6 5.Nf3 O-O 6.Be2 e5 7.O-O Nc6 8.Be3 Ng4
9.Bg5 f6 10.Bc1 exd4 11.Nxd4 Nge5 12.Be3 Nxd4 13.Bxd4 Be6 14.Nd5 Nc6 15.Bc3 f5
16.Nf4 Qe7 17.Nxe6 Qxe6 18.exf5 Qxf5 19.Bxg7 Kxg7 20.b3 Rae8 21.Bf3 Qc5  1/2-1/2

[Event "HUN-chT"]
[Site "HUN"]
[Date "1993.??.??"]
[Round "?"]
[White "Restas, Peter"]
[Black "Hazai, Laszlo"]
[Result "0-1"]
[WhiteElo "2230"]
[BlackElo "2470"]

1.d4 Nf6 2.c4 g6 3.Nc3 Bg7 4.e4 d6 5.Be2 O-O 6.Nf3 e5 7.O-O Nc6 8.d5 Ne7
9.Bd2 Nh5 10.g3 f5 11.Ng5 Nf6 12.f3 Kh8 13.Kg2 h6 14.Nh3 g5 15.Nf2 f4 16.b4 Ng6
17.c5 Rg8 18.Rh1 Bf8 19.cxd6 Bxd6 20.Nb5 h5 21.Rc1 Bd7 22.Nxd6 cxd6 23.a4 a6
24.Qc2 g4 25.a5 gxf3+ 26.Bxf3 Nh4+  0-1

[Event "HUN-chT"]
[Site "HUN"]
[Date "1993.??.??"]
[Round "?"]
[White "Petran, Pal"]
[Black "Hazai, Laszlo"]
[Result "1/2-1/2"]
[WhiteElo "2485"]
[BlackElo "2470"]

1.d4 Nf6 2.Nf3 g6 3.c4 Bg7 4.Nc3 d6 5.e4 O-O 6.Be2 e5 7.O-O Nc6 8.d5 Ne7
9.Ne1 Nd7 10.Nd3 f5 11.Bd2 Kh8 12.b4 fxe4 13.Nxe4 b5 14.Nb2 bxc4 15.Bg5 Nb6
16.Nc3 h6  1/2-1/2

[Event "HUN-ch"]
[Site "HUN"]
[Date "1993.??.??"]
[Round "3"]
[White "Petran, Pal"]
[Black "Groszpeter, Attila"]
[Result "1/2-1/2"]
[WhiteElo "2440"]
[BlackElo "2515"]

1.d4 Nf6 2.c4 g6 3.Nc3 Bg7 4.e4 d6 5.Nf3 O-O 6.Be2 e5 7.O-O Nc6 8.d5 Ne7
9.Nd2 c6 10.b4 a5 11.bxa5 Qxa5 12.Qc2 Bd7 13.a4 Rfc8 14.Bb2 Bh6 15.Nb3 Qc7
16.Qd3 cxd5 17.cxd5 Qb6 18.Nb5 Bxb5 19.axb5 Rxa1 20.Rxa1 Qc7 21.Ba3 Ra8 22.g3 Ra4
23.f3 Nc8 24.Bb2 Nb6 25.Rxa4 Nxa4 26.Ba3 Nd7 27.Kf2 b6 28.Qc4 Nac5 29.Nxc5 Nxc5
30.Bxc5 Qxc5+ 31.Qxc5 dxc5 32.d6 Kf8 33.Bc4 Ke8 34.Ke2 Kd7 35.Bxf7 g5  1/2-1/2

[Event "Ikaria op"]
[Site "Ikaria"]
[Date "1993.??.??"]
[Round "3"]
[White "Georgiev, Krum"]
[Black "Mohr, Georg"]
[Result "1/2-1/2"]
[WhiteElo "2525"]
[BlackElo "2435"]

1.Nf3 Nf6 2.c4 g6 3.Nc3 Bg7 4.e4 d6 5.d4 O-O 6.Be2 e5 7.O-O Nc6 8.d5 Ne7
9.Nd2 a5 10.a3 Bd7 11.b3 Nc8 12.Rb1 Nb6 13.b4 axb4 14.axb4 Na4 15.Qc2 Bh6
16.Nb5 Qe7 17.Ra1 c6 18.Nc7 Rac8 19.dxc6 Bxc6 20.Nd5 Bxd5 21.exd5 Nb6 22.Qb3 e4
23.Kh1 Rfe8 24.Ra2 Bf4 25.g3 Bh6 26.Rc2 e3  1/2-1/2

[Event "Jakarta Interzonal (Women)"]
[Site "Jakarta"]
[Date "1993.??.??"]
[Round "?"]
[White "Demina, Julia"]
[Black "Tverskaya, Julia"]
[Result "1-0"]
[WhiteElo "2365"]
[BlackElo "2090"]

1.Nf3 Nf6 2.c4 g6 3.Nc3 Bg7 4.e4 d6 5.d4 O-O 6.Be2 e5 7.O-O Nc6 8.Be3 Re8
9.dxe5 Nxe5 10.h3 Ned7 11.Qc2 Qe7 12.Nd2 b6 13.Rfe1 Nc5 14.f3 Bb7 15.Rad1 a5
16.Nf1 Rad8 17.a3 Ne6 18.Nd5 Nxd5 19.cxd5 Nc5 20.Bb5 Rf8 21.b4 axb4 22.axb4 Na6
23.Qc4 Ra8 24.Re2 Nb8 25.Rc2 Ba6 26.Bxa6 Nxa6 27.Ra2 b5 28.Qxb5 Qe8 29.Qc4 Qc8
30.Rd3 c5 31.dxc6 Qe6 32.Qxe6 fxe6 33.b5 Nc7 34.Rxa8 Rxa8 35.b6  1-0

[Event "Jakarta Interzonal (Women)"]
[Site "Jakarta"]
[Date "1993.??.??"]
[Round "?"]
[White "Juergens, Vera"]
[Black "Johansson, Victoria"]
[Result "1-0"]
[WhiteElo "2350"]
[BlackElo "2155"]

1.d4 Nf6 2.c4 g6 3.Nf3 Bg7 4.Nc3 O-O 5.e4 d6 6.Be2 e5 7.O-O Nc6 8.Be3 Ng4
9.Bg5 f6 10.Bc1 Nh6 11.h3 Nf7 12.d5 Ne7 13.b4 a5 14.bxa5 Rxa5 15.Nd2 b6 16.Nb3 Ra8
17.a4 f5 18.a5 Rb8 19.axb6 cxb6 20.Ra7 Kh8 21.Bd2 Ng8 22.Nb5 Rb7 23.Ra8 Qe7
24.Qc2 Nf6 25.f3 Nh5 26.exf5 Bxf5 27.Rxf8+ Qxf8 28.Bd3 Ng3 29.Re1 Bh6 30.Kh2 Bxd3
31.Qxd3 Nh5 32.Bxh6 Nxh6 33.Qe3 Nf4 34.Nd2 Nf5 35.Qe4 Qf6 36.Rg1 Qg5 37.Nf1 Rb8
38.g3 Nh5 39.g4 Nf4 40.gxf5 Qh5 41.Rg3 gxf5 42.Qe3 Qh6 43.Nc3 Qh4 44.Ne2 Nxd5
45.cxd5 f4 46.Nxf4 Qxf4 47.Qxf4 exf4 48.Rg4 Rf8 49.Nd2 Rf5 50.Ne4 h5 51.Rg6 Rxd5
52.Nf6 Rd2+ 53.Kg1 Rd1+ 54.Kf2  1-0

[Event "Jakarta Interzonal (Women)"]
[Site "Jakarta"]
[Date "1993.??.??"]
[Round "?"]
[White "Lelchuk, Zoja"]
[Black "Holoubkova, Martina"]
[Result "1/2-1/2"]
[WhiteElo "2340"]
[BlackElo "2235"]

1.c4 g6 2.Nc3 Bg7 3.Nf3 d6 4.d4 Nf6 5.e4 O-O 6.Be2 e5 7.O-O Nc6 8.d5 Ne7
9.Nd2 a5 10.b3 Nd7 11.Ba3 b6 12.b4 axb4 13.Bxb4 f5 14.a4 Nf6 15.f3 Bh6 16.Nb3 Nh5
17.a5 Be3+ 18.Kh1 f4 19.Qd3 Nf5 20.exf5 Ng3+ 21.hxg3 fxg3 22.Qe4 Rxf5  1/2-1/2

[Event "Jyvaskyla op"]
[Site "Jyvaskyla"]
[Date "1993.??.??"]
[Round "3"]
[White "Lokotar, Erkki"]
[Black "Sammalvuo, Tapani"]
[Result "1/2-1/2"]
[WhiteElo "2330"]
[BlackElo "2270"]

1.d4 Nf6 2.c4 g6 3.Nc3 Bg7 4.e4 d6 5.Be2 O-O 6.Nf3 e5 7.O-O Nc6 8.Be3 Ng4
9.Bg5 f6 10.Bc1 f5 11.Bg5 Qe8  1/2-1/2

[Event "Katerini GP"]
[Site "Katerini"]
[Date "1993.??.??"]
[Round "5"]
[White "Haritakis, Theodoros"]
[Black "Makropoulou, Marina"]
[Result "0-1"]
[WhiteElo "2265"]
[BlackElo "2270"]

1.d4 Nf6 2.c4 g6 3.Nc3 Bg7 4.e4 d6 5.Be2 O-O 6.Nf3 e5 7.O-O Nc6 8.d5 Ne7
9.Ne1 Ne8 10.Nd3 f5 11.Bd2 Nf6 12.f3 f4 13.g4 g5 14.Be1 Ng6 15.Bf2 h5 16.h3 Kf7
17.Kg2 Bh6 18.c5 Nh4+ 19.Bxh4 gxh4 20.Kh2 Rg8 21.Rc1 hxg4 22.hxg4 h3 23.Rg1 Bg5
24.cxd6 cxd6 25.Nb5 Bh4 26.Qc2 Bg3+ 27.Kh1 Kg6 28.Qc7 Qxc7 29.Nxc7 Rb8 30.Nb5 Rd8
31.Nxa7 Bd7 32.Nc6 bxc6 33.dxc6 Rdc8 34.cxd7 Nxd7 35.Rxc8 Rxc8 36.Rc1 Nc5
37.Nxc5 dxc5 38.Bf1 Rd8 39.Bxh3 Rd2 40.Rxc5 Rh2+ 41.Kg1 Rxh3 42.Rxe5 Rh2
43.Rb5 Rc2 44.a4 Bf2+ 45.Kh1 Bd4 46.a5 Bxb2 47.a6 Bd4 48.Ra5 Ba7 49.Rf5 Ra2
50.e5 Be3 51.e6 Rxa6 52.Re5 Ra8 53.g5 Re8 54.Kg2 Re7 55.Kh3 Kh5 56.Kg2 Bb6
57.Kh3 Bc7 58.Rc5 Bd6 59.Rf5 Rxe6 60.Rf7 Kxg5 61.Rg7+ Kf5 62.Rh7 Rg6 63.Rf7+ Ke6
64.Rh7 Rg3+ 65.Kh4 Rxf3 66.Rh6+ Ke5 67.Rh5+ Ke4 68.Ra5 Be7+ 69.Kg4 Rg3+  0-1

[Event "Katowice op"]
[Site "Katowice"]
[Date "1993.??.??"]
[Round "2"]
[White "Kaplun, Leonid I"]
[Black "Sokolov, Andrei"]
[Result "0-1"]
[WhiteElo "2390"]
[BlackElo "2480"]

1.d4 Nf6 2.Nf3 g6 3.c4 Bg7 4.Nc3 O-O 5.e4 d6 6.Be2 e5 7.O-O Nc6 8.d5 Ne7
9.Nd2 a5 10.a3 Nd7 11.Rb1 f5 12.b4 b6 13.Qc2 Kh8 14.f3 Ng8 15.Na4 Ndf6 16.c5 Bh6
17.cxb6 cxb6 18.bxa5 Be3+ 19.Kh1 bxa5 20.Nc4 Bxc1 21.Rfxc1 fxe4 22.fxe4 Bg4
23.Nc3 Nh6 24.Qd2 Bxe2 25.Qxe2 Nfg4 26.Kg1 Rf2 27.Qd3 Rf7 28.Rf1 Qh4 29.h3 Nf2
30.Qe3 Nhg4 31.hxg4 Qh1+  0-1

[Event "Katowice op"]
[Site "Katowice"]
[Date "1993.??.??"]
[Round "3"]
[White "Urban, Klaudiusz"]
[Black "Bartosik, Piotr"]
[Result "1-0"]
[WhiteElo "2450"]
[BlackElo "2235"]

1.d4 Nf6 2.c4 g6 3.Nc3 Bg7 4.e4 d6 5.Nf3 O-O 6.Be2 e5 7.O-O Nc6 8.d5 Ne7
9.Ne1 a5 10.Be3 Nd7 11.Nd3 f5 12.f3 Nf6 13.c5 h5 14.cxd6 cxd6 15.Qb3 fxe4
16.fxe4 Bg4 17.Bxg4 Nxg4 18.Bb6 Qd7 19.Qb5 Rxf1+ 20.Rxf1 Nf6 21.Qxd7 Nxd7
22.Bc7 Nc8 23.b3 Nf6 24.Nb2 Ne8 25.Bd8 b6 26.Nc4 Rb8 27.a4 Rb7 28.Nb5 Bf8
29.Rc1 Rb8 30.Kf2 Kf7 31.Ke2 Kg8 32.Kd3 Kf7 33.Rc2 Kg8 34.Nd2 Kf7 35.Nc4 Kg8
36.Bg5 Kf7 37.Rc1 Kg8 38.Nd2 Kf7 39.Rc6 Be7 40.Be3 Bd8 41.Nc4 Ke7 42.Bg5+ Kd7
43.Bxd8 Kxd8 44.Ncxd6 Nexd6 45.Nxd6 Na7 46.Nf7+ Ke8 47.Rc7 Nc8 48.Rxc8+ Rxc8
49.Nd6+ Kd7 50.Nxc8 Kxc8 51.Kc4  1-0

[Event "Katowice op"]
[Site "Katowice"]
[Date "1993.??.??"]
[Round "4"]
[White "Zimmerman, Yuri"]
[Black "Stypka, Mieczyslaw"]
[Result "1/2-1/2"]
[WhiteElo "2410"]
[BlackElo "2235"]

1.d4 Nf6 2.c4 g6 3.Nc3 Bg7 4.e4 d6 5.Nf3 O-O 6.Be2 e5 7.O-O Nc6 8.d5 Ne7
9.Ne1 Nd7 10.Be3 f5 11.f3 f4 12.Bf2 g5 13.a4 Ng6 14.a5 h5 15.b4 Nf6 16.c5 Bd7
17.b5 g4 18.c6 bxc6 19.dxc6 Be6 20.Qa4 g3 21.hxg3 fxg3 22.Bxg3 h4 23.Bh2 Kh8
24.Bc4 Bc8 25.Nd5 Nxd5 26.Bxd5 Bh6 27.Nd3 Be3+ 28.Kh1 Qg5 29.Qc4 Rf6 30.f4 exf4
31.Qc3 Kg7 32.Rae1 Bg4 33.e5 dxe5 34.Nxe5 Qxe5 35.Qxe5 Nxe5 36.Rxe3 fxe3
37.Bxe5 e2 38.Bxf6+ Kg6 39.Be4+ Kf7 40.Bd5+ Kg6 41.Re1 Kxf6 42.Kg1 Re8 43.Kf2 Re5
44.Bc4 Kg5 45.Bxe2 Rf5+ 46.Ke3 Bxe2 47.Rxe2 Rxb5 48.Kd4 Kf6 49.Re8 Rxa5 50.Rc8 Ke6
51.Rxc7 Kd6 52.Rh7 Kxc6 53.Kc3 Ra4 54.Kb3 Rg4 55.Rxa7 Kd5 56.Kc3 Ke4 57.Ra4+ Kf5
58.Ra2 Kf4 59.Kd3 Kg3 60.Ke3 Kh2 61.Kf3 Rg3+ 62.Kf4 Rxg2 63.Ra8 Rg3 64.Ra2+ Kh3
65.Rb2 Ra3 66.Rc2 Rg3 67.Rb2 Rg4+ 68.Kf3 Rg8 69.Rb7 Rf8+ 70.Ke2 Rf4 71.Rg7 Kh2
72.Rg8 h3 73.Rg7 Ra4 74.Kf2 Ra2+ 75.Kf1 Rg2 76.Rh7 Rg8 77.Kf2 Rf8+ 78.Ke2 Kg2
79.Rg7+ Kh1 80.Rh7 Kh2 81.Rg7 Kh1 82.Rh7 h2 83.Rg7 Ra8 84.Kf2 Ra2+ 85.Kf1 Ra1+
86.Kf2 Rg1 87.Ra7 Rg2+ 88.Kf3 Rg1 89.Kf2 Rb1 90.Rg7 Rb2+  1/2-1/2

[Event "Katowice op"]
[Site "Katowice"]
[Date "1993.??.??"]
[Round "5"]
[White "Dabek, Roman"]
[Black "Swol, Michal"]
[Result "1-0"]
[WhiteElo "2370"]
[BlackElo "2140"]

1.Nf3 Nf6 2.c4 g6 3.Nc3 Bg7 4.e4 d6 5.d4 O-O 6.Be2 e5 7.O-O Nc6 8.d5 Ne7
9.Ne1 Nd7 10.Nd3 f5 11.Bg5 h6 12.Bxe7 Qxe7 13.f3 f4 14.b4 g5 15.Rc1 Nf6 16.c5 Bd7
17.cxd6 cxd6 18.Nf2 Rac8 19.Qb3 h5 20.h3 Qe8 21.a4 Rf7 22.Bb5 Bf8 23.Bxd7 Rxd7
24.Ne2 Rcd8 25.Rc4 Rg7 26.Rfc1 Rdd7 27.g4 fxg3 28.Nxg3 g4 29.fxg4 hxg4 30.h4 Nh5
31.Nf5 Rg6 32.Rc8 Qf7 33.Qe3 Kh7 34.Rb8 Qf6 35.Rcc8 Rf7 36.Qxa7 Nf4 37.Rxb7 Rxb7
38.Qxb7+ Bg7 39.Rc7 g3 40.Rxg7+ Rxg7 41.Qxg7+ Qxg7 42.Nxg7 gxf2+ 43.Kf1 Kxg7
44.a5 Nh5 45.Kxf2 Nf6 46.Ke3 Kf7 47.a6 Nd7 48.b5 Ke7 49.a7 Nb6 50.Kd3 Kd7
51.h5  1-0

[Event "Katowice op"]
[Site "Katowice"]
[Date "1993.??.??"]
[Round "6"]
[White "Zimmerman, Yuri"]
[Black "Kulagin, Alexander"]
[Result "1-0"]
[WhiteElo "2410"]
[BlackElo "2265"]

1.d4 Nf6 2.c4 g6 3.Nc3 Bg7 4.e4 d6 5.Nf3 O-O 6.Be2 e5 7.O-O Nc6 8.d5 Ne7
9.Ne1 Nd7 10.Be3 f5 11.f3 f4 12.Bf2 Rf7 13.a4 g5 14.a5 Nf6 15.c5 Ng6 16.cxd6 cxd6
17.Nb5 g4 18.Nxa7 Bd7 19.Bb6 Qe7 20.a6 Rxa7 21.Bxa7 bxa6 22.Bf2 g3 23.hxg3 fxg3
24.Bxg3 Nh5 25.Bh2 Bh6 26.f4 Nhxf4 27.Rxa6 Nh4 28.Ra8+ Kg7 29.Bxf4 Bxf4 30.Rxf4 exf4
31.Qd4+ Kh6 32.Nf3 Bg4 33.Nxh4 Qxh4 34.Qf2 Qh5 35.Bxg4 Qxg4 36.Qf3 Qg7 37.Ra6 Qd4+
38.Kh2 Qe5 39.Qh3+ Kg7 40.Qc3  1-0

[Event "Katowice op"]
[Site "Katowice"]
[Date "1993.??.??"]
[Round "6"]
[White "Neverov, Valeriy"]
[Black "Siwiec, Bartlomiej"]
[Result "1-0"]
[WhiteElo "2550"]
[BlackElo "2270"]

1.d4 Nf6 2.c4 d6 3.Nf3 g6 4.Nc3 Bg7 5.e4 O-O 6.Be2 e5 7.O-O Nc6 8.d5 Ne7
9.Ne1 Nd7 10.Nd3 f5 11.Bd2 Nf6 12.f3 f4 13.c5 g5 14.Rc1 Rf7 15.cxd6 cxd6
16.Nf2 Ng6 17.Nb5 a6 18.Na3 b5 19.Nc2 Qb6 20.Nb4 g4 21.Rc6 Qa7 22.Qc2 Bb7
23.fxg4 a5 24.g5 axb4 25.gxf6 f3 26.gxf3 Bxc6 27.dxc6 Rxf6 28.Kh1 Qc5 29.Qb3+ Kh8
30.Ng4 Rff8 31.Rc1 Qa7 32.Qxb4 Nf4 33.Bxf4 exf4 34.c7 Qxa2 35.e5 dxe5 36.Bd3 Qa4
37.Qe7 Rae8 38.Qh4 e4 39.Bxe4 Rxe4 40.c8=Q Ree8 41.Qc2  1-0

[Event "Katowice op"]
[Site "Katowice"]
[Date "1993.??.??"]
[Round "6"]
[White "Moehring, Guenther"]
[Black "Stypka, Mieczyslaw"]
[Result "1/2-1/2"]
[WhiteElo "2350"]
[BlackElo "2235"]

1.Nf3 Nf6 2.c4 g6 3.Nc3 Bg7 4.e4 d6 5.d4 O-O 6.Be2 e5 7.O-O Nc6 8.Be3 Ng4
9.Bg5 f6 10.Bh4 g5 11.Bg3 Nh6 12.dxe5 dxe5 13.c5 Be6 14.Qa4 f5 15.Bc4 Bxc4
16.Qxc4+ Kh8 17.Rad1 Qe8 18.exf5 Rxf5 19.h3 Qh5 20.Nh2 Rf7 21.Rfe1 Nf5 22.Ne4 Nxg3
23.Nxg3 Qg6 24.f3 h6 25.Ng4 Re7 26.Ne4 Qf7 27.Ne3 Qxc4 28.Nxc4 Kh7 29.a3 a5
30.a4 Kg6 31.Rd3 Ra7 32.Rd5 Kf7 33.Red1 Ra8 34.Rd7 Nd4 35.Rxe7+ Kxe7 36.Kf2 Ke6
37.Ne3 Bf8 38.Rc1 Ra6 39.Rc3 Rc6  1/2-1/2

[Event "Katowice op"]
[Site "Katowice"]
[Date "1993.??.??"]
[Round "8"]
[White "Mitenkov, Alexey"]
[Black "Sokalsky, Alexander"]
[Result "1-0"]
[WhiteElo "2420"]
[BlackElo "2250"]

1.d4 Nf6 2.c4 g6 3.Nc3 Bg7 4.e4 O-O 5.Nf3 d6 6.Be2 e5 7.O-O Nc6 8.dxe5 Nxe5
9.Bf4 Nxf3+ 10.Bxf3 Nd7 11.Qd2 Ne5 12.Be2 Be6 13.b3 f5 14.Rad1 Qf6 15.Nd5 Qf7
16.exf5 Bxf5 17.Bh6 Bxh6 18.Qxh6 Be6 19.Qd2 a5 20.f4 Nc6 21.Bf3 Rae8 22.Qc3 Qg7
23.Qxg7+ Kxg7 24.Nxc7 Re7 25.Nxe6+ Rxe6 26.g3 Rfe8 27.Bg4 Rf6 28.Rfe1 Rxe1+
29.Rxe1 Kf8 30.h4 Ne7 31.Rd1 Ke8 32.Bf3 b6 33.a3 Kd7 34.b4 axb4 35.axb4 Kc7
36.b5 Nf5 37.Kf2 Re6 38.Bd5 Re7 39.Ra1 Nd4 40.Ra2 Kd8 41.g4 Nb3 42.h5 Na5
43.hxg6 hxg6 44.Ra3 Kd7 45.Rh3 Rg7 46.g5 Ke7 47.Kf3 Nb3 48.Kg4 Nd4 49.Ra3 Nf5
50.Ra7+ Ke8 51.Ra8+ Kd7 52.Ra6 Re7 53.Ra7+ Kd8 54.Ra8+ Kd7 55.Rg8 Ne3+ 56.Kf3 Nf5
57.Kf2 Ng7 58.Rb8 Ne6 59.Rb7+ Nc7 60.Bf3 Rf7 61.Kg3 Rf8 62.Bg4+  1-0

[Event "Kecskemet"]
[Site "Kecskemet"]
[Date "1993.??.??"]
[Round "11"]
[White "Groszpeter, Attila"]
[Black "Stummer, Anton"]
[Result "1-0"]
[WhiteElo "2515"]
[BlackElo "2295"]

1.d4 Nf6 2.c4 g6 3.Nc3 Bg7 4.e4 d6 5.Nf3 O-O 6.Be2 e5 7.O-O Nc6 8.Be3 Re8
9.dxe5 dxe5 10.c5 Bg4 11.Bb5 Qc8 12.Bxc6 bxc6 13.h3 Bd7 14.Kh2 Nh5 15.Qd2 Rd8
16.Rad1 Be6 17.Qc1 Nf4 18.Bxf4 exf4 19.Qxf4 Rb8 20.e5 Rxb2 21.Qh4 Bd5 22.Ne4 h6
23.Nf6+ Kf8 24.Nh7+ Kg8 25.Nf6+ Kf8 26.Rfe1 Rb8 27.Nh7+ Kg8 28.Nf6+ Kf8 29.Nd4 a5
30.a3 g5 31.Qh5 a4 32.Nxd5 Rxd5 33.Nxc6 Rxd1 34.Rxd1 Qb7 35.e6 fxe6 36.Rd7 Be5+
37.Nxe5  1-0

[Event "Komotini GP"]
[Site "Komotini"]
[Date "1993.??.??"]
[Round "7"]
[White "Banikas, Hristos"]
[Black "Vouldis, Angelos"]
[Result "0-1"]
[WhiteElo "2205"]
[BlackElo "2285"]

1.d4 Nf6 2.c4 g6 3.Nc3 Bg7 4.e4 O-O 5.Nf3 d6 6.Be2 e5 7.O-O Nc6 8.d5 Ne7
9.b4 Nh5 10.g3 f5 11.Ng5 Nf6 12.f3 f4 13.Kg2 Ne8 14.Ne6 Bxe6 15.dxe6 c6 16.b5 c5
17.Nd5 Nc7 18.Nxc7 Qxc7 19.Qd3 Rad8 20.Rd1 g5 21.Rb1 Qc8 22.Qa3 Qxe6 23.Qxa7 g4
24.Rb3 Ra8 25.Qxb7 Rxa2 26.Rd2 Ra1 27.Rc2 Qh6 28.fxg4 Rxc1 29.Rxc1 fxg3 30.hxg3 Qxc1
31.Rf3 Qd2 32.Rxf8+ Bxf8 33.Kf1 Qe3 34.g5 Qxg3 35.b6 Ng6 36.Qd5+ Kg7 37.b7 Nf4
38.Qd1 Nh3  0-1

[Event "Asia-J"]
[Site "Kuala Lumpur"]
[Date "1993.??.??"]
[Round "?"]
[White "Rahman, Ziaur"]
[Black "Konguveel, Ponnuswamy"]
[Result "0-1"]
[WhiteElo "2430"]
[BlackElo "2355"]

1.d4 Nf6 2.c4 g6 3.Nc3 Bg7 4.e4 d6 5.Nf3 O-O 6.Be2 e5 7.O-O Nc6 8.d5 Ne7
9.b4 Nh5 10.Nd2 Nf4 11.a4 f5 12.Bf3 g5 13.exf5 Nxf5 14.g3 Nh3+ 15.Kg2 Qd7
16.Nb3 Nd4 17.Nxd4 exd4 18.Nb5 a6 19.Na3 Qf5 20.g4 Nf4+ 21.Bxf4 Qxf4 22.Ra2 Bd7
23.Nb1 Be5 24.Rh1 d3 25.Qxd3 Bxg4 26.Be4 Bf5 27.Re2 Qg4+ 28.Kf1 Bxe4 29.Rxe4 Rxf2+
30.Kxf2 Rf8+ 31.Ke1 Qg2 32.Re2 Qxh1+ 33.Kd2 Rf1 34.Nc3 Rf3 35.Re3 Rxe3 36.Kxe3 Qc1+
37.Kf2 Qxc3 38.Qf5 Qd2+ 39.Kg1 Qxh2+  0-1

[Event "Kurgan"]
[Site "Kurgan"]
[Date "1993.??.??"]
[Round "?"]
[White "Chuprov, A."]
[Black "Temirbaev, Serik"]
[Result "1-0"]
[WhiteElo "2405"]
[BlackElo "2450"]

1.d4 Nf6 2.c4 g6 3.Nc3 Bg7 4.e4 d6 5.Be2 O-O 6.Nf3 e5 7.O-O Nc6 8.d5 Ne7
9.b4 h6 10.Nd2 Nd7 11.c5 f5 12.Ba3 Nf6 13.f3 g5 14.b5 Ng6 15.Nc4 Ne8 16.b6 cxb6
17.Nxd6 Nxd6 18.cxd6 Bd7 19.Nb5 fxe4 20.fxe4 Rxf1+ 21.Qxf1 Nf4 22.Nc7 Rc8
23.Bc4 Qf6 24.Ne6 Qg6 25.Re1 a6 26.g3 b5 27.gxf4 gxf4+ 28.Qg2 Qxg2+ 29.Kxg2 Rxc4
30.Rc1 Bf6 31.Nc5 Bg4 32.Rxc4 bxc4 33.h3 f3+ 34.Kh2 f2 35.Kg2 Bxh3+ 36.Kxf2 Bh4+
37.Kf3 Kf7 38.Bb2 b6 39.Nxa6 Bf6 40.Nb8 h5 41.Kg3 Bf1 42.Nc6 h4+ 43.Kf2 Bd3
44.d7 Bxe4 45.Bxe5 Bg5 46.d8=Q Bxd8 47.Nxd8+ Ke7 48.Nc6+ Kd7 49.Nb4 c3 50.Ke3 c2
51.Kd2 Bxd5 52.Nxd5 Ke6 53.Nf4+  1-0

[Event "La Coruna"]
[Site "La Coruna"]
[Date "1993.??.??"]
[Round "2"]
[White "Caselas, Jacobo"]
[Black "Paramos Dominguez, Roberto"]
[Result "1-0"]
[WhiteElo "2275"]
[BlackElo "2315"]

1.d4 Nf6 2.c4 g6 3.Nc3 Bg7 4.e4 d6 5.Be2 O-O 6.Nf3 e5 7.O-O Nc6 8.d5 Ne7
9.Ne1 Nd7 10.Nd3 f5 11.Bd2 Nf6 12.f3 f4 13.g4 g5 14.Kg2 h5 15.h3 Ng6 16.Be1 Rf7
17.c5 Bf8 18.cxd6 cxd6 19.a4 Rh7 20.Bf2 Nh4+ 21.Bxh4 gxh4 22.Kh2 hxg4 23.hxg4 Be7
24.Nf2 h3 25.a5 Ne8 26.Nxh3 Bh4 27.Kg2 Bd7 28.Rh1 Rc8 29.Qd2 Nf6 30.b4 a6
31.Rac1 Nh5 32.Nb1 Ng3 33.Rxc8 Bxc8 34.Rh2 b6 35.Bd3 bxa5 36.bxa5 Qc7 37.Qc3 Bd8
38.Qxc7 Rxc7 39.Nf2 Rc1 40.Nd2 Kg7 41.Nc4 Bc7 42.g5 Bd8 43.g6 Rxc4 44.Bxc4 Bxa5
45.Nh1 Nxh1 46.Rxh1 Kxg6 47.Bxa6 Bd7 48.Rb1 Kg5 49.Bb5 Bc8 50.Ra1  1-0

[Event "La Coruna"]
[Site "La Coruna"]
[Date "1993.??.??"]
[Round "9"]
[White "Glavina, Pablo"]
[Black "Leira, Julio"]
[Result "1-0"]
[WhiteElo "2420"]
[BlackElo "2230"]

1.d4 Nf6 2.c4 g6 3.Nc3 Bg7 4.Nf3 O-O 5.e4 d6 6.Be2 e5 7.O-O Nc6 8.d5 Ne7
9.Nd2 a5 10.a3 Bd7 11.b3 c5 12.Rb1 Nc8 13.b4 axb4 14.axb4 b6 15.bxc5 bxc5
16.Rb7 Nb6 17.Qb3 Rb8 18.Rxb8 Qxb8 19.Ba3 Na4 20.Nb5 Bxb5 21.cxb5 Nb6 22.Bd3 Bh6
23.Nc4 Nxc4 24.Qxc4 Qb7 25.Bb2 Ra8 26.Qb3 Nd7 27.Be2 Nb6 28.f4 f6 29.fxe5 fxe5
30.Qh3 Kg7 31.Qe6 Qd7 32.Bxe5+ dxe5 33.Qxb6 Be3+ 34.Kh1 Qe7 35.d6 Qd7 36.Bc4 Kh6
37.Bd5 Rd8 38.Qa6 Qxd6 39.Qa3 Bf4 40.Qh3+ Kg5 41.g3  1-0

[Event "Las Palmas2"]
[Site "Las Palmas"]
[Date "1993.??.??"]
[Round "?"]
[White "Barlov, Dragan"]
[Black "Dimitrov, Vladimir"]
[Result "1-0"]
[WhiteElo "2480"]
[BlackElo "2460"]

1.d4 Nf6 2.c4 g6 3.Nc3 Bg7 4.e4 d6 5.Be2 O-O 6.Nf3 e5 7.O-O Nc6 8.d5 Ne7
9.Ne1 Ne8 10.Nd3 f5 11.Bd2 Kh8 12.Rc1 Ng8 13.c5 Ngf6 14.f3 f4 15.a4 h5 16.cxd6 cxd6
17.Nf2 g5 18.h3 Rf7 19.Nb5 Bf8 20.Qb3 a5 21.Rc4 Nd7 22.Rfc1 b6 23.Na7 Ba6
24.Nc6 Qf6 25.Qd1 Bxc4 26.Rxc4 Qg6 27.Kf1 Rh7 28.Ke1 Be7 29.Bc3 Bf6 30.Kd2 Nc5
31.Kc1 Nc7 32.Nd3 N7a6 33.Nxc5 Nxc5 34.Be1 Rc7 35.Bf2 Qe8 36.Rc3 Qg6 37.Rc4 Rac8
38.Kb1 Qe8 39.Rc3 Qf8 40.Rc1 Rh7 41.Rc3 Rg7 42.Bxc5 bxc5 43.Nxa5 g4 44.fxg4 Bh4
45.Nc4 Qd8 46.a5 Bf2 47.Rb3 Ra8 48.Rb6 Rxa5 49.Rxd6 Qa8 50.Nxa5 Qxa5 51.Rh6+ Kg8
52.Ra6 Qb4 53.Qa4  1-0